Capitais de territórios não reconhecidos e dependentes - Statistics

Estatísticas Gerais
  • Esse quiz foi jogado 198 vezes
  • A pontuação média é 14 de 51
Estatísticas das Respostas
Hint Resposta % Correto
Groelândia Nuuk
71%
Porto Rico San Juan
59%
Guiana Francesa Caiena
57%
Ilha de Man Douglas
57%
Aruba Oranjestad
54%
Santo Eustáquio Oranjestad
54%
Anguilla The Valley
46%
Bermuda Hamilton
45%
Guadalupe Basse Terre
41%
SamoaAmericana Pago Pago
41%
Ilha Norfolk Kingston
38%
Bonaire Kralendijk
38%
Ilha de Ascensão Georgetown
34%
Ilha Cayman George Town
34%
Ilhas VirgensBritânicas Road Town
32%
Saint-Pierre eMiquelon Saint-Pierre
32%
Saba The Bottom
32%
Polinésia Francesa Papeete
30%
Niue Alofi
29%
Ilha Christmas Flying Fish Cove
29%
Guam Hagatna
29%
Tristão da Cunha Edimburgo dos Sete Mares
27%
Ilha de Páscoa Hanga Roa
27%
Ilhas Falkland Stanley
27%
Santa Helena Jamestown
25%
Nova Caledônia Noumea
25%
Ilhas Pitcairn Adamstown
23%
Ilhas Cook Avarua
23%
Wallis e futuna Mata-Utu
23%
Jersey Saint Helier
23%
Ilhas Feroe Torshavn
23%
Território Britânico do Oceano Índico Diego Garcia
21%
Martinica Fort-de-France
21%
Ilha Cocos(Keeling) West Island
21%
Saara Ocidental El Aiune
20%
Ilhas de Aland Mariehamn
20%
São Martinho(Países Baixos) Phillipsburg
20%
Guernsey Saint Peter Port
20%
Ilhas Marianasdo Norte Saipan
20%
Curaçao Wilemstad
20%
Ilhas VirgensAmericanas Charlotte Amalie
18%
São Bartolomeu Gustavia
18%
Reunião Saint Denis
18%
São Martinho(França) Marigot
16%
Ilhas Turcas e Caicos Grand Turk
13%
Mayotte Mamudzu
13%
Terras Austrais e Antárticas Francesas Port-aux-Français
13%
Svalbard e Jan Mayen Longyearbyen
9%
Montserrat Plymouth Brades
7%
Ilha Geórgia do Sul e Sandwich do Sul Grytviken
5%
Toquelau Fakaofo Atafu Nukunonu
2%
Nenhum quiz correspondente encontrado
Distribuição das Pontuações
Porcentagem de Pessoas com Cada Pontuação
Percentil de Números Respondidos
Sua Pontuação Histórica
Você não jogou esse quiz